Munsell Plant Tissue Color Book

Guardat en:
Dades bibliogràfiques
Autor corporatiu: Munsell Color (Autor)
Format: Llibre
Idioma:anglès
Publicat: Nueva York Munsell Color 2012
Matèries:
Etiquetes: Afegir etiqueta
Sense etiquetes, Sigues el primer a etiquetar aquest registre!

MARC

LEADER 00000cam a2200000 a 4500
001 UCF6076
003 CL-VaPUC
008 130411e20120000US |||||||||||||||||eng|d
082 0 4 |a 581.82  |b MUN  |2 21 
110 2 |a Munsell Color  |e author  |9 568087 
245 1 0 |a Munsell Plant Tissue Color Book 
300 |a pág. irreg 
942 |c BK 
945 |d 20130411 00:00:00  |a dcastane 
260 |a Nueva York  |b Munsell Color  |c 2012 
650 7 |a BOTANICA TISULAR  |2 CL-VaPUC  |9 442012 
650 7 |a CARTA DE COLORES  |2 CL-VaPUC  |9 568088 
650 0 |a Color   |9 265507 
650 0 |a Plantas  |9 264555 
583 |a last modification  |c 20130411 10:22:00  |k Rodrigo Vera 
999 |c 351421  |d 351419 
952 |0 0  |1 0  |4 0  |6 581_820000000000000_MUN_2012  |7 0  |8 X  |9 455513  |a BIBAGR  |b BIBAGR  |d 2019-11-22  |i 4962974  |l 4  |o 581.82 MUN 2012  |p 4962974  |r 2025-04-04  |s 2025-04-04  |w 2019-11-22  |y BK_X  |k AGR 
952 |0 0  |1 0  |4 0  |6 581_820000000000000_MUN_2012  |7 0  |8 X  |9 455514  |a BIBAGR  |b BIBAGR  |d 2019-11-22  |i 4962982  |l 3  |o 581.82 MUN 2012  |p 4962982  |q 2025-04-11  |r 2025-04-11  |s 2025-04-11  |w 2019-11-22  |y BK_X  |k AGR 
952 |0 0  |1 0  |3 erd  |4 0  |6 581_820000000000000_MUN_2012  |7 0  |8 A  |9 455515  |a BIBALI  |b BIBALI  |c REF  |i 5129591  |l 2  |o 581.82 MUN 2012  |p 5129591  |r 2025-01-20  |s 2024-05-16  |w 2019-11-22  |y BK_F  |z Catalogado en:20141211  |k ALI